[Event "II Open A"]
[Site "Conegliano ITA"]
[Date "2008.06.02"]
[Round "5"]
[White "Dussin, Davide"]
[Black "Lavric, Mihail"]
[Result "0-1"]
[WhiteElo "1893"]
[BlackElo "2009"]
[PlyCount "80"]
[EventDate "2008.05.31"]

1. d4 d5 2. c4 dxc4 3. e3 Nf6 4. Bxc4 e6 5. Nc3 a6 6. Nf3 c5 7. a4 Nc6 8. O-O
cxd4 9. exd4 Na5 10. Be2 Qc7 11. Bg5 Be7 12. Rc1 Qd8 13. Ne5 O-O 14. Bf3 h6 15.
Bh4 Qb6 16. Rc2 Rd8 17. Ne2 Bd7 18. Nxd7 Rxd7 19. Qd3 Rad8 20. Rd1 Qb4 21. Bg3
Qxa4 22. Bc7 Rc8 23. Rdc1 Nb3 24. Be5 Rcd8 25. Rd1 Nc5 26. Qd2 Nce4 27. Qc1 Ng5
28. Rd3 Qb5 29. Rdc3 Nd5 30. Bxd5 Qxd5 31. h4 Ne4 32. Nf4 Qxe5 33. dxe5 Rd1+
34. Kh2 Rxc1 35. Rxc1 Nxc3 36. Rxc3 Bxh4 37. g3 Bg5 38. Nd3 Be7 39. Rc7 Rxd3
40. Rxe7 Rb3 0-1

[Event "II Open A"]
[Site "Conegliano ITA"]
[Date "2008.06.02"]
[Round "5"]
[White "Fedorchuk, Sergey A."]
[Black "Genocchio, Daniele"]
[Result "1-0"]
[WhiteElo "2671"]
[BlackElo "2416"]
[PlyCount "56"]
[EventDate "2008.05.31"]

1. e4 Nf6 2. e5 Nd5 3. d4 d6 4. Nf3 g6 5. Bc4 c6 6. O-O Bg7 7. exd6 Qxd6 8.
Nbd2 Bg4 9. h3 Bxf3 10. Nxf3 Nd7 11. Bb3 O-O 12. c4 N5f6 13. Be3 Rad8 14. Re1
Rfe8 15. Ng5 c5 16. Ba4 Rf8 17. dxc5 Qc7 18. Qe2 Nxc5 19. Bc2 h6 20. Nf3 e5 21.
Rad1 Ne6 22. b4 e4 23. Nd4 Nxd4 24. Bxd4 Ng4 25. Qxg4 Bxd4 26. Rxe4 Bc3 27. c5
a5 28. a3 28... Rxd1+ {...} 1-0

[Event "II Open A"]
[Site "Conegliano ITA"]
[Date "2008.06.02"]
[Round "5"]
[White "Georgiev, Vladimir"]
[Black "Luch, Michal"]
[Result "0-1"]
[WhiteElo "2572"]
[BlackElo "2383"]
[PlyCount "112"]
[EventDate "2008.05.31"]

1. c4 e6 2. d4 d5 3. Nc3 Be7 4. Nf3 Nf6 5. Bg5 O-O 6. e3 h6 7. Bxf6 Bxf6 8.
cxd5 exd5 9. Bd3 c5 10. dxc5 Bxc3+ 11. bxc3 Qa5 12. O-O Qxc5 13. Qb3 Nd7 14.
Rac1 Nf6 15. c4 dxc4 16. Bxc4 Qe7 17. Nd4 b6 18. f3 Bb7 19. Rfd1 g6 20. e4 Rfd8
21. e5 Nd5 22. e6 fxe6 23. Qc2 Kh7 24. Re1 e5 25. Qe4 Rac8 26. Nb3 Nc3 27. Qxe5
Qxe5 28. Rxe5 Rxc4 29. Re7+ Kg8 30. Rce1 Bd5 31. Rxa7 Ra4 32. Rae7 Rxa2 33. Nd4
Rd2 34. Ne6 Bxe6 35. R1xe6 R2d6 36. Kf2 Nd5 37. Rxd6 Rxd6 38. Rb7 Nf6 39. Ke3
Nd7 40. h4 Kf7 41. g4 Ke6 42. Rc7 b5 43. Rb7 Rb6 44. Rc7 b4 45. Kd2 Ne5 46. Rh7
Nxf3+ 47. Kc1 b3 48. Kb2 Ne5 49. Rxh6 Kf7 50. Rh7+ Kg8 51. Rc7 Nxg4 52. Rc5 Nf6
53. Rc7 Rb4 54. Ra7 Rxh4 55. Kxb3 Rd4 56. Kc3 Rd7 0-1

[Event "II Open A"]
[Site "Conegliano ITA"]
[Date "2008.06.02"]
[Round "5"]
[White "Gorshkova, Irina"]
[Black "Genna, Jose' Miguel"]
[Result "1/2-1/2"]
[WhiteElo "2158"]
[BlackElo "2216"]
[PlyCount "99"]
[EventDate "2008.05.31"]

1. e4 e6 2. d4 d5 3. Nd2 Nf6 4. Bd3 c5 5. e5 Nfd7 6. c3 Nc6 7. Ngf3 Qb6 8. O-O
cxd4 9. cxd4 Nxd4 10. Nxd4 Qxd4 11. Nf3 Qb6 12. Qa4 Qb4 13. Qc2 Qc5 14. Qa4 Qb4
15. Qc2 Be7 16. Bd2 Qb6 17. Rac1 h5 18. Qa4 Qd8 19. Nd4 O-O 20. Ba5 Nb6 21. Qd1
g6 22. f4 Kg7 23. Rf3 Rh8 24. Qf1 Qe8 25. Nb5 Qf8 26. Kh1 Nc4 27. Bxc4 dxc4 28.
Qxc4 b6 29. Bc3 Ba6 30. Qa4 Bxb5 31. Qxb5 Qe8 32. Qa6 Rg8 33. Be1 Rc8 34. Rfc3
Rxc3 35. Bxc3 Qd7 36. h3 Kh7 37. Qe2 Rd8 38. Qe4 Qd3 39. Qxd3 Rxd3 40. Be1 Bc5
41. g3 Be3 42. Rc3 Rxc3 43. Bxc3 h4 44. Kg2 hxg3 45. Kxg3 b5 46. Bb4 a6 47. Bf8
g5 48. fxg5 Bxg5 49. Kg4 Bc1 50. b3 1/2-1/2

[Event "II Open A"]
[Site "Conegliano ITA"]
[Date "2008.06.02"]
[Round "5"]
[White "Ikonnikov, Vyacheslav"]
[Black "Cherin, Diego"]
[Result "1-0"]
[WhiteElo "2578"]
[BlackElo "2267"]
[PlyCount "45"]
[EventDate "2008.05.31"]

1. d4 f5 2. Nf3 Nf6 3. g3 g6 4. Bg2 Bg7 5. O-O O-O 6. b3 d6 7. Bb2 Qe8 8. c4 e5
9. dxe5 Ng4 10. Nc3 Nxe5 11. Qd2 Nbc6 12. Nd5 Nxf3+ 13. exf3 Qf7 14. Bxg7 Qxg7
15. Rae1 b6 16. Re3 Bb7 17. Rfe1 Kh8 18. f4 a5 19. Ne7 Nd8 20. Bxb7 Nxb7 21.
Nd5 Rf7 22. Nxc7 Rg8 23. Ne8 1-0

[Event "II Open A"]
[Site "Conegliano ITA"]
[Date "2008.06.02"]
[Round "5"]
[White "Inkiov, Ventzislav V."]
[Black "Jovanic, Ognjen"]
[Result "0-1"]
[WhiteElo "2446"]
[BlackElo "2504"]
[PlyCount "44"]
[EventDate "2008.05.31"]

1. e4 e5 2. Nf3 Nc6 3. Bc4 Bc5 4. d3 Nf6 5. Nc3 h6 6. O-O d6 7. Nd5 O-O 8. c3
Nxd5 9. Bxd5 Ne7 10. Bb3 Bb6 11. a4 c6 12. d4 Ng6 13. Be3 Qf6 14. a5 Bc7 15.
dxe5 dxe5 16. Nd2 Nf4 17. Nc4 Re8 18. Qc2 Nxg2 19. Kxg2 Bh3+ 20. Kg3 Bd8 21. f4
Qh4+ 22. Kf3 Qg4+ 0-1

[Event "II Open A"]
[Site "Conegliano ITA"]
[Date "2008.06.02"]
[Round "5"]
[White "Lazzeri Memendez, Santos Gerardo"]
[Black "Omeri, Silvan"]
[Result "0-1"]
[WhiteElo "2112"]
[BlackElo "2201"]
[PlyCount "108"]
[EventDate "2008.05.31"]

1. e4 c5 2. f4 e6 3. c4 Qh4+ 4. g3 Qd8 5. Bg2 Nc6 6. Nf3 b6 7. Nc3 Bb7 8. b3 a6
9. Bb2 Qc7 10. Qe2 Nge7 11. O-O-O Nd4 12. Qd3 Nec6 13. Nxd4 cxd4 14. Nd5 exd5
15. exd5 Na5 16. Rde1+ Kd8 17. Qxd4 f6 18. Qe4 Bc5 19. Bc3 Qd6 20. Bxa5 Ba3+
21. Kd1 bxa5 22. d4 Rc8 23. Re2 Qb4 24. c5 Kc7 25. Rc2 Rce8 26. Qd3 Kb8 27. Rc4
Qb5 28. Rf1 Re7 29. Re1 Rxe1+ 30. Kxe1 Re8+ 31. Kf1 g6 32. Qf3 d6 33. c6 Bc8
34. g4 f5 35. g5 Re4 36. Qf2 Kc7 37. Bxe4 fxe4 38. Qh4 Qxd5 39. Qxh7+ Kb6 40.
Qe7 Qf5 41. Qd8+ Ka7 42. Qc7+ Ka8 43. Ke1 e3 44. Ke2 Qg4+ 45. Kxe3 Qh3+ 46. Kf2
Qxh2+ 47. Kf3 Qh3+ 48. Kf2 Qg4 49. d5 Qh4+ 50. Ke3 Qg3+ 51. Kd2 Qf2+ 52. Kc3
Qe3+ 53. Kc2 Qe2+ 54. Kc3 Bb2# 0-1

[Event "II Open A"]
[Site "Conegliano ITA"]
[Date "2008.06.02"]
[Round "5"]
[White "Mateo, Ramon"]
[Black "Giuriati, Paolo"]
[Result "1-0"]
[WhiteElo "2506"]
[BlackElo "2206"]
[PlyCount "61"]
[EventDate "2008.05.31"]

1. e4 e6 2. c4 d5 3. exd5 exd5 4. d4 Nf6 5. Nc3 Nc6 6. Bg5 Bb4 7. Nf3 Bg4 8.
Be2 dxc4 9. O-O Bxc3 10. bxc3 Qd5 11. Bxf6 gxf6 12. Nd2 Bxe2 13. Qxe2+ Qe6 14.
Qf3 O-O-O 15. Rfe1 Qd5 16. Qxf6 Rhg8 17. g3 Rg6 18. Qf4 Qa5 19. Rac1 Qxa2 20.
Ne4 Qa5 21. Qxf7 Qh5 22. Qf4 Rh6 23. h4 Re6 24. Nf6 Rxe1+ 25. Rxe1 Qa5 26. d5
Qxc3 27. Rc1 Qe5 28. Qg4+ Kb8 29. Nd7+ Rxd7 30. Qxd7 Ne7 31. Qe8+ 1-0

[Event "II Open A"]
[Site "Conegliano ITA"]
[Date "2008.06.02"]
[Round "5"]
[White "Mileto, Gabriele"]
[Black "Tamai, Roberto"]
[Result "1-0"]
[WhiteElo "2165"]
[BlackElo "2290"]
[PlyCount "83"]
[EventDate "2008.05.31"]

1. e4 e5 2. Nf3 Nc6 3. Bb5 d6 4. d4 Bd7 5. Nc3 exd4 6. Nxd4 g6 7. Be3 Bg7 8.
Qd2 Nf6 9. f3 O-O 10. O-O-O Nxd4 11. Bxd4 Nxe4 12. fxe4 Bxd4 13. Qxd4 Bxb5 14.
Nxb5 Qg5+ 15. Kb1 Qxb5 16. Qd5 Qxd5 17. exd5 Rfe8 18. Rd2 Re4 19. c3 Rae8 20.
Kc2 f5 21. b4 Kg7 22. Rb1 Kf6 23. a4 Re1 24. a5 R8e2 25. Rxe1 Rxe1 26. Kb3 a6
27. c4 g5 28. c5 Ke7 29. c6 bxc6 30. dxc6 Re5 31. Kc4 Ke6 32. Rb2 Re1 33. b5
axb5+ 34. Kxb5 Ra1 35. Ka6 Kd5 36. Kb7 Rxa5 37. Kxc7 Rc5 38. Rd2+ Ke5 39. Rxd6
f4 40. Rh6 Ke4 41. Kb6 Rc2 42. c7 1-0

[Event "II Open A"]
[Site "Conegliano ITA"]
[Date "2008.06.02"]
[Round "5"]
[White "Naumkin, Igor"]
[Black "Vezzosi, Paolo"]
[Result "1-0"]
[WhiteElo "2494"]
[BlackElo "2351"]
[PlyCount "65"]
[EventDate "2008.05.31"]

1. d4 Nf6 2. c4 e6 3. Nf3 Bb4+ 4. Bd2 a5 5. g3 d6 6. Bg2 Nbd7 7. O-O e5 8. Nc3
exd4 9. Nxd4 O-O 10. Qc2 c6 11. Rad1 Ne5 12. b3 Re8 13. Bc1 Bd7 14. Ne4 Rc8 15.
c5 dxc5 16. Nxc5 Qb6 17. Nxd7 Nexd7 18. Nf5 Re6 19. Bb2 Rce8 20. Nxg7 Rxe2 21.
Qc1 R8e5 22. Bxe5 Rxe5 23. Bh3 Kxg7 24. Bxd7 Nd5 25. Rd3 Bc5 26. Qb2 f6 27. Bg4
Qb4 28. Bf3 h5 29. Qd2 b6 30. Kg2 Qxd2 31. Rxd2 Kg6 32. Rfd1 Ne7 33. h4 1-0

[Event "II Open A"]
[Site "Conegliano ITA"]
[Date "2008.06.02"]
[Round "5"]
[White "Orsatti, Marcello"]
[Black "Chierici, Marianna"]
[Result "1-0"]
[WhiteElo "1987"]
[BlackElo "2071"]
[PlyCount "105"]
[EventDate "2008.05.31"]

1. c4 e5 2. Nc3 g6 3. g3 Bg7 4. Bg2 Ne7 5. d3 c6 6. e4 d6 7. Nge2 Nd7 8. O-O
O-O 9. f4 f5 10. Be3 Nf6 11. h3 Be6 12. fxe5 dxe5 13. b3 Qc7 14. Kh2 Rfd8 15.
Qc2 h6 16. Rad1 Nh5 17. Bf3 Nxg3 18. Nxg3 f4 19. Bf2 fxg3+ 20. Bxg3 Qd7 21. Bg2
g5 22. Ne2 Qe8 23. Bf2 g4 24. Ng3 Qg6 25. Bc5 Nc8 26. Nf5 b6 27. Nxg7 Kxg7 28.
Bf2 gxh3 29. Bf3 Qf6 30. Bh5 Rg8 31. Bd4 Qh4 32. Bxe5+ Kh7 33. Bf3 Ne7 34. Rg1
Ng6 35. Bg3 Qf6 36. Rdf1 Qd4 37. Bf2 Qd6+ 38. Kh1 Raf8 39. Bg3 Qd4 40. Qf2 Qxd3
41. Qe2 Qc3 42. Bd6 Rd8 43. e5 Kh8 44. Be4 Nxe5 45. Rxg8+ Bxg8 46. Be7 Bxc4 47.
Bf6+ Kg8 48. bxc4 Rd2 49. Qh5 Rh2+ 50. Kxh2 Qd2+ 51. Kxh3 Qe3+ 52. Rf3 Qxe4 53.
Bxe5 1-0

[Event "II Open A"]
[Site "Conegliano ITA"]
[Date "2008.06.02"]
[Round "5"]
[White "Pomaro, Alberto"]
[Black "Caprio, Guido"]
[Result "1-0"]
[WhiteElo "2209"]
[BlackElo "2140"]
[PlyCount "76"]
[EventDate "2008.05.31"]

1. c4 e5 2. Nc3 Nc6 3. Nf3 Nf6 4. g3 Bb4 5. Bg2 O-O 6. O-O e4 7. Ne1 Bxc3 8.
bxc3 Re8 9. f3 e3 10. dxe3 b6 11. Nd3 d6 12. e4 Be6 13. Qa4 Bd7 14. Qc2 Ne5 15.
Nxe5 Rxe5 16. c5 Rxc5 17. Be3 Ra5 18. c4 Qe8 19. Bd4 Qe7 20. Qb2 Re8 21. Rfd1
Bc6 22. Rd3 Ra4 23. Ra3 Rxa3 24. Qxa3 h5 25. Qc1 Nd7 26. Rb1 Nf8 27. Rb3 Ne6
28. Bb2 a5 29. Re3 Ng5 30. e5 Ne6 31. Qc3 dxe5 32. Rxe5 h4 33. Bh3 Qf6 34. f4
hxg3 35. hxg3 Qh6 36. Bg2 Rd8 37. Bd5 Kh8 38. Qf3 g5 1-0

[Event "II Open A"]
[Site "Conegliano ITA"]
[Date "2008.06.02"]
[Round "5"]
[White "Rigo, Gianfrancesco"]
[Black "D'Alessio, Angelo"]
[Result "1/2-1/2"]
[WhiteElo "2023"]
[BlackElo "1976"]
[PlyCount "87"]
[EventDate "2008.05.31"]

1. e4 c5 2. Nf3 d6 3. d4 cxd4 4. Nxd4 Nf6 5. Nc3 a6 6. Bc4 e6 7. Bb3 Nc6 8. Be3
Be7 9. Qe2 O-O 10. O-O-O Qc7 11. g4 Na5 12. g5 Nxb3+ 13. axb3 Nd7 14. Rhg1 Re8
15. h4 Nf8 16. f4 b5 17. e5 d5 18. Qh2 b4 19. Nce2 Bd7 20. h5 a5 21. f5 exf5
22. Bf4 Be6 23. g6 Bc5 24. gxh7+ Kxh7 25. Qg3 g6 26. Rh1 Kg8 27. hxg6 fxg6 28.
Rh6 Qg7 29. Rdh1 Ra6 30. Nb5 Rc8 31. Ned4 Bd7 32. Bg5 a4 33. Bf6 Rxf6 34. exf6
Qxf6 35. Rh8+ Kf7 36. bxa4 Bxd4 37. Nd6+ Kg7 38. Nxc8 Bxb2+ 39. Kb1 Ba1 40. Kc1
Bb2+ 41. Kd1 Qd4+ 42. Qd3 Qg4+ 43. Qe2 Qd4+ 44. Ke1 1/2-1/2

[Event "II Open A"]
[Site "Conegliano ITA"]
[Date "2008.06.02"]
[Round "5"]
[White "Solinas, Carlo"]
[Black "Rossi, Gianni"]
[Result "1/2-1/2"]
[WhiteElo "2087"]
[BlackElo "2012"]
[PlyCount "58"]
[EventDate "2008.05.31"]

1. e4 Nf6 2. e5 Nd5 3. Nc3 Nxc3 4. dxc3 d5 5. Nf3 Bg4 6. h3 Bh5 7. g4 Bg6 8.
Bd3 e6 9. h4 Nc6 10. Bf4 Be7 11. Qe2 Qd7 12. O-O-O Bxd3 13. Qxd3 Na5 14. b3
O-O-O 15. Bd2 Qe8 16. Qe2 a6 17. c4 Nc6 18. Bc3 Ba3+ 19. Kb1 Qe7 20. cxd5 exd5
21. Rhe1 Qc5 22. Qd3 Bb4 23. Bxb4 Nxb4 24. Qd2 d4 25. Kb2 d3 26. c3 Nc2 27. Re4
Rhe8 28. Ne1 Nxe1 29. Rdxe1 Qe7 1/2-1/2

[Event "II Open A"]
[Site "Conegliano ITA"]
[Date "2008.06.02"]
[Round "5"]
[White "Tahirovic, Adnan"]
[Black "Zanirato, Stefano"]
[Result "1-0"]
[WhiteElo "1800"]
[BlackElo "1970"]
[PlyCount "185"]
[EventDate "2008.05.31"]

1. e4 Nc6 2. d4 d5 3. e5 a6 4. c3 Bf5 5. Bd3 Bxd3 6. Qxd3 e6 7. f4 Nh6 8. Nd2
Nf5 9. Ndf3 h5 10. Bd2 Qd7 11. Ne2 h4 12. O-O-O Na5 13. g4 hxg3 14. hxg3 Rxh1
15. Rxh1 O-O-O 16. Kb1 Nc4 17. Bc1 Nh6 18. Nh2 Be7 19. g4 Rh8 20. Nf1 Qe8 21.
Qh3 Qb5 22. Ka1 Nxb2 23. Bxb2 Qxe2 24. Ng3 Qf3 25. g5 Kd7 26. Nh5 Qxh3 27. Rxh3
Nf5 28. Nf6+ gxf6 29. Rxh8 fxg5 30. fxg5 Bxg5 31. Rf8 Nh6 32. Ba3 Be7 33. Bxe7
Kxe7 34. Rb8 b6 35. Ra8 a5 36. Kb2 Nf5 37. Kc2 Ne3+ 38. Kd3 Nc4 39. Ke2 f6 40.
exf6+ Kxf6 41. Rc8 c5 42. dxc5 bxc5 43. Rxc5 Ke5 44. Rc6 a4 45. Ra6 a3 46. Rc6
Kf5 47. Rc8 Ke4 48. Rh8 Ke5 49. Rh2 Ke4 50. Rh4+ Ke5 51. Rd4 Kf5 52. Kd3 Nb2+
53. Kc2 Nc4 54. Kb3 Ke5 55. Kb4 Kd6 56. Rh4 Kc6 57. Rh6 Kd6 58. Kb5 Ne3 59. Kb4
Nc4 60. Rg6 Ke7 61. Kc5 Kf7 62. Rh6 Ke7 63. Kc6 Ne5+ 64. Kc7 Nc4 65. Rg6 Kf7
66. Rg1 Ke7 67. Rh1 Kf7 68. Rd1 Kf6 69. Rf1+ Ke7 70. Kc6 Ne5+ 71. Kc5 Nc4 72.
Kd4 Kd6 73. Rf8 e5+ 74. Kd3 Nb2+ 75. Kc2 e4 76. Rf5 Nc4 77. Rh5 Nb2 78. Kd2 Kc5
79. Rh8 Nc4+ 80. Ke2 Nd6 81. Ra8 Nb5 82. Rc8+ Kd6 83. Ke3 Ke5 84. Rc6 Nd6 85.
Rc7 Nc4+ 86. Ke2 Kd6 87. Rc8 Kd7 88. Rxc4 dxc4 89. Ke3 Kd6 90. Kxe4 Kc5 91. Ke5
Kc6 92. Kd4 Kb5 93. Kd5 1-0

[Event "II Open A"]
[Site "Conegliano ITA"]
[Date "2008.06.02"]
[Round "5"]
[White "Tomio, Dante"]
[Black "Pfeifer, Andreas"]
[Result "1-0"]
[WhiteElo "1953"]
[BlackElo "2116"]
[PlyCount "69"]
[EventDate "2008.05.31"]

1. d4 d5 2. Nf3 Nf6 3. Bg5 Ne4 4. Bf4 c5 5. e3 Qb6 6. Qc1 Nc6 7. c3 g6 8. Nfd2
Nxd2 9. Nxd2 Bg7 10. Bd3 e5 11. dxc5 Qxc5 12. Nb3 Qb6 13. Bg3 a5 14. O-O Be6
15. Re1 a4 16. Nd2 f5 17. Rb1 O-O 18. a3 e4 19. Bc2 Ne5 20. Qd1 Qc6 21. Qe2
Rfc8 22. Bf4 Qc5 23. Red1 Nc6 24. Rbc1 b5 25. h4 Ra6 26. Nf1 Na5 27. Bxa4 Nc4
28. Bb3 Rac6 29. Bxc4 bxc4 30. Qd2 Rb6 31. Ng3 Rb3 32. Ne2 Rc6 33. Nd4 Bxd4 34.
exd4 Rcb6 35. dxc5 1-0

[Event "II Open A"]
[Site "Conegliano ITA"]
[Date "2008.06.02"]
[Round "5"]
[White "Tonel, Giulia"]
[Black "De Marchi, Alessandro"]
[Result "1-0"]
[WhiteElo "1952"]
[BlackElo "1691"]
[PlyCount "73"]
[EventDate "2008.05.31"]

1. e4 e6 2. d4 d5 3. Nd2 Nf6 4. e5 Nfd7 5. Bd3 c5 6. c3 Nc6 7. Ne2 cxd4 8. cxd4
Qb6 9. Nf3 Nb4 10. Bb1 Be7 11. O-O Nf8 12. Nc3 Bd7 13. a3 Na6 14. b4 Rc8 15.
Bb2 Nb8 16. Bd3 a5 17. b5 Qd8 18. Ne2 Ng6 19. a4 O-O 20. Ba3 b6 21. Qd2 Bxa3
22. Rxa3 Qe7 23. Rb3 Rc7 24. h4 f5 25. exf6 gxf6 26. h5 Nh8 27. Qf4 Rfc8 28.
Re1 Nf7 29. Ng3 Ng5 30. Bb1 Nxf3+ 31. Rxf3 Rc4 32. Nf5 Qf8 33. Nd6 Rxd4 34.
Qxd4 Qxd6 35. Qxf6 Rf8 36. Qg5+ Kh8 37. Qh6 1-0

[Event "II Open A"]
[Site "Conegliano ITA"]
[Date "2008.06.02"]
[Round "5"]
[White "Van Hoolandt, Patrick"]
[Black "Tonus, Alex"]
[Result "1/2-1/2"]
[WhiteElo "2183"]
[BlackElo "1919"]
[PlyCount "139"]
[EventDate "2008.05.31"]

1. d4 Nf6 2. c4 g6 3. Nc3 Bg7 4. e4 d6 5. Nf3 O-O 6. Be3 Ng4 7. Bg5 f6 8. Bh4
g5 9. Bg3 Nh6 10. Be2 c6 11. Qd2 e5 12. h3 Qe7 13. d5 Na6 14. Rb1 Nc7 15. b4
cxd5 16. cxd5 Bd7 17. Bh2 g4 18. hxg4 Nxg4 19. Bg3 f5 20. Bh4 Qf7 21. Bd3 Qg6
22. Qg5 Rae8 23. Qxg6 hxg6 24. Nd2 b5 25. f3 Nf6 26. Bf2 Ra8 27. Rb3 Rfc8 28.
Ra3 a6 29. Ke2 Nce8 30. Rb1 fxe4 31. Ndxe4 Bf5 32. Bh4 Kf7 33. Ng5+ Ke7 34.
Nge4 Kf7 35. Rbb3 Nxe4 36. fxe4 Bg4+ 37. Kf1 Bf6 38. Bf2 Bg5 39. Rb1 Bd2 40.
Be1 Rxc3 41. Rxc3 Bxc3 42. Bxc3 Rc8 43. Bd2 Nf6 44. Rb3 Rc7 45. Kf2 Bc8 46. Rb1
Kg7 47. Rh1 Nh5 48. Rc1 Rxc1 49. Bxc1 Kf6 50. g3 g5 51. Be3 g4 52. Be2 Kg6 53.
Bb6 Kf7 54. Bd8 Ke8 55. Bg5 Kf7 56. Bd1 Bd7 57. Bd8 Ke8 58. Bb6 Kf7 59. Be2 Bc8
60. Bd8 Ke8 61. Bh4 Kf7 62. Ke3 Ke8 63. Kd2 Ng7 64. Kc3 Kf7 65. Kb3 Bd7 66. Kb2
Be8 67. a4 Bd7 68. Kc3 Ne8 69. Bd8 Ng7 70. axb5 1/2-1/2

[Event "II Open A"]
[Site "Conegliano ITA"]
[Date "2008.06.02"]
[Round "5"]
[White "Zanin, Dario"]
[Black "Astengo, Marcello"]
[Result "0-1"]
[WhiteElo "2026"]
[BlackElo "2064"]
[PlyCount "78"]
[EventDate "2008.05.31"]

1. e4 e6 2. d4 d5 3. Nc3 Bb4 4. e5 Nd7 5. Qg4 Bf8 6. Bg5 Ne7 7. O-O-O c6 8. Nh3
Nb6 9. Bd3 Qd7 10. f4 Nf5 11. Bxf5 exf5 12. Qf3 Qc7 13. Nf2 Nc4 14. Rhe1 Bb4
15. Rd3 Qb6 16. Nfd1 Bxc3 17. Rxc3 Qxd4 18. Rd3 Qc5 19. h3 Qa5 20. b3 Qxe1 21.
bxc4 Be6 22. Rd2 h6 23. Re2 Qa5 24. Bh4 Qxa2 25. g4 O-O 26. gxf5 Bxf5 27. Ne3
Qa1+ 28. Kd2 Qd4+ 29. Kc1 Qe4 30. Qf1 dxc4 31. Ng4 Qd4 32. Qg2 Qxf4+ 33. Kb1
Bxg4 34. hxg4 c3 35. Re4 Qd2 36. Qf3 Qd5 37. Kc1 Rae8 38. Bg3 Rd8 39. Bf4 Qa5
0-1

[Event "II Open A"]
[Site "Conegliano ITA"]
[Date "2008.06.02"]
[Round "6"]
[White "Astengo, Marcello"]
[Black "Cherin, Diego"]
[Result "0-1"]
[WhiteElo "2064"]
[BlackElo "2267"]
[PlyCount "64"]
[EventDate "2008.05.31"]

1. d4 f5 2. e4 fxe4 3. Nc3 Nf6 4. Bg5 Nc6 5. d5 Ne5 6. Qd4 Nf7 7. Bxf6 gxf6 8.
Nh3 c6 9. O-O-O Bg7 10. Be2 O-O 11. Qxe4 cxd5 12. Nxd5 e6 13. Ne3 d5 14. Qb4 a5
15. Qh4 Bd7 16. Nf4 f5 17. Qxd8 Raxd8 18. Kb1 Nd6 19. Rhe1 b5 20. c3 Ne4 21.
Nd3 Rc8 22. Bf1 Nd6 23. g3 Rc7 24. Bg2 Ne4 25. f3 Nd6 26. Nc2 Nc4 27. f4 Rb8
28. Re2 b4 29. Nd4 bxc3 30. Nxe6 Na3+ 31. Ka1 cxb2+ 32. Nxb2 Bxe6 0-1

[Event "II Open A"]
[Site "Conegliano ITA"]
[Date "2008.06.02"]
[Round "6"]
[White "Boscolo, Federico"]
[Black "Rigo, Gianfrancesco"]
[Result "1/2-1/2"]
[WhiteElo "1930"]
[BlackElo "2023"]
[PlyCount "46"]
[EventDate "2008.05.31"]

1. e4 c5 2. Nf3 g6 3. d4 cxd4 4. Nxd4 Nc6 5. Nxc6 bxc6 6. Qd4 Nf6 7. e5 Nd5 8.
e6 f6 9. exd7+ Bxd7 10. Bc4 Qb6 11. Qh4 Bf5 12. Bxd5 cxd5 13. Qa4+ Bd7 14. Qb3
Qa6 15. Nd2 Ba4 16. Qxd5 Bc6 17. Qe6 Qb7 18. f3 Bd5 19. Qe2 Bg7 20. O-O O-O 21.
c4 Bf7 22. a3 f5 23. Rb1 Rfd8 1/2-1/2

[Event "II Open A"]
[Site "Conegliano ITA"]
[Date "2008.06.02"]
[Round "6"]
[White "Chierici, Marianna"]
[Black "Solinas, Carlo"]
[Result "0-1"]
[WhiteElo "2071"]
[BlackElo "2087"]
[PlyCount "56"]
[EventDate "2008.05.31"]

1. e4 e5 2. Bc4 Nf6 3. d3 d5 4. exd5 Nxd5 5. Qe2 Nc6 6. f4 Bc5 7. Qf3 Be6 8.
Ne2 exf4 9. Bxf4 O-O 10. c3 Nxf4 11. Qxf4 Bxc4 12. dxc4 Qd3 13. Nd2 Be3 14.
O-O-O Qxe2 15. Qf3 Qxf3 16. gxf3 Rad8 17. Kc2 Bxd2 18. Rxd2 Rxd2+ 19. Kxd2 Ne5
20. c5 Nxf3+ 21. Ke3 Ne5 22. b4 Rd8 23. Ke4 f6 24. Rb1 Kf7 25. Rb3 Ke6 26. a4
Rd3 27. h4 h6 28. h5 f5+ 0-1

[Event "II Open A"]
[Site "Conegliano ITA"]
[Date "2008.06.02"]
[Round "6"]
[White "Codenotti, Marco"]
[Black "Van Hoolandt, Patrick"]
[Result "0-1"]
[WhiteElo "2063"]
[BlackElo "2183"]
[PlyCount "168"]
[EventDate "2008.05.31"]

1. e4 e5 2. Nf3 Nc6 3. Bc4 Bc5 4. d3 Nf6 5. c3 a6 6. Bb3 Ba7 7. Nbd2 O-O 8. h3
h6 9. Nf1 d5 10. Qe2 Be6 11. g4 Na5 12. g5 Nxb3 13. axb3 dxe4 14. dxe4 hxg5 15.
Bxg5 Bxb3 16. Ng3 Qd6 17. Rg1 Nh7 18. Nf5 Qe6 19. Nxg7 Qxh3 20. Nh5 Kh8 21. Ng3
f6 22. Rh1 Qe6 23. Bh6 Bc4 24. Qc2 Rg8 25. Nh4 Rad8 26. Nhf5 Rd7 27. Rd1 Rg6
28. Nh5 Bc5 29. Rxd7 Qxd7 30. Bg7+ Rxg7 31. Nhxg7 Kg8 32. Rg1 Ng5 33. Nh5 Kf7
34. Rg3 Qd8 35. b3 Bb5 36. Nh6+ Kg6 37. f4 Kxh6 38. fxg5+ fxg5 39. Rh3 Kg6 40.
Ng3 Qd3 41. Qxd3 Bxd3 42. Kd2 Bb5 43. Rh8 Kg7 44. Rh5 Kg6 45. Rh8 Bb6 46. Rg8+
Kh6 47. Rh8+ Kg7 48. Rh5 Kg6 49. Rh8 Bd7 50. Rd8 Be6 51. b4 g4 52. Rh8 Bf2 53.
Nh1 g3 54. Ke2 Kg7 55. Rh4 Bc4+ 56. Kf3 Be1 57. Nxg3 Bxc3 58. Nf5+ Kf6 59. Rh7
Bf7 60. Nh6 Bh5+ 61. Ng4+ Kg5 62. Kg3 Be1+ 63. Nf2 Bg6 64. Rxc7 Bxe4 65. Rc1
Bxf2+ 66. Kxf2 Kf4 67. Rc4 Kf5 68. Ke3 Bd5 69. Rc5 Ke6 70. b5 Kd6 71. Rc1 axb5
72. Rb1 Bc6 73. Kd3 Kd5 74. Rb4 Kc5 75. Kc3 e4 76. Rb1 Bd5 77. Rh1 b4+ 78. Kb2
Kd4 79. Rd1+ Ke5 80. Re1 Bc4 81. Rc1 b5 82. Rd1 e3 83. Rd8 e2 84. Re8+ Be6 0-1

[Event "II Open A"]
[Site "Conegliano ITA"]
[Date "2008.06.02"]
[Round "6"]
[White "Corvi, Marco"]
[Black "Dgebuadze, Alexandre"]
[Result "0-1"]
[WhiteElo "2347"]
[BlackElo "2528"]
[PlyCount "84"]
[EventDate "2008.05.31"]

1. c4 e6 2. Nf3 Nf6 3. g3 d5 4. Bg2 Nc6 5. cxd5 exd5 6. O-O g6 7. b3 Bg7 8. Bb2
O-O 9. Ne5 Ne7 10. d4 Nf5 11. Nd2 c6 12. a4 a5 13. Bc3 Re8 14. b4 axb4 15. Bb2
Nd7 16. Nxd7 Bxd7 17. e3 Be6 18. Qb3 Qd6 19. Rfc1 Ra5 20. Nf3 b6 21. Ne1 c5 22.
dxc5 bxc5 23. Bxg7 Nxg7 24. Nd3 d4 25. Qb1 dxe3 26. fxe3 Nf5 27. Re1 Bd7 28. e4
Qd4+ 29. Nf2 Ne3 30. Qc1 Ng4 31. Ra2 Nxf2 32. Rxf2 Bxa4 33. Qf4 Ra7 34. h4 b3
35. h5 b2 36. Kh2 Bd1 37. hxg6 hxg6 38. Rxd1 Qxd1 39. Rxb2 Qh5+ 40. Bh3 Qe5 41.
Qf2 Rc7 42. Rb5 Kg7 0-1

[Event "II Open A"]
[Site "Conegliano ITA"]
[Date "2008.06.02"]
[Round "6"]
[White "D'Alessio, Angelo"]
[Black "Zanin, Dario"]
[Result "1-0"]
[WhiteElo "1976"]
[BlackElo "2026"]
[PlyCount "76"]
[EventDate "2008.05.31"]

1. e4 e5 2. Nf3 Nc6 3. Bb5 a6 4. Ba4 Nf6 5. d3 b5 6. Bb3 d6 7. c3 Be7 8. O-O
O-O 9. Re1 Bb7 10. Nbd2 Nb8 11. Nf1 Nbd7 12. Ng3 Re8 13. a3 Bf8 14. Ba2 g6 15.
b4 Bg7 16. Qb3 d5 17. Bg5 h6 18. Bxf6 Nxf6 19. Rad1 Qc8 20. d4 Re7 21. dxe5
Nxe4 22. Bb1 Nxg3 23. hxg3 Qe8 24. Rd2 Bxe5 25. Rde2 Bf6 26. Rxe7 Bxe7 27. c4
Qd8 28. cxb5 axb5 29. Qd3 c6 30. Ne5 Qd6 31. f4 f5 32. Nxg6 Qxg6 33. Rxe7 Bc8
34. Qe3 Kf8 35. Qd4 h5 36. Rc7 Be6 37. Qh8+ Bg8 38. Bxf5 Qd6 1-0

[Event "II Open A"]
[Site "Conegliano ITA"]
[Date "2008.06.02"]
[Round "6"]
[White "De Filomeno, Simone"]
[Black "Lazzeri Memendez, Santos Gerardo"]
[Result "1-0"]
[WhiteElo "2088"]
[BlackElo "2112"]
[PlyCount "125"]
[EventDate "2008.05.31"]

1. e4 e5 2. Nf3 Nc6 3. Bb5 a6 4. Ba4 Nf6 5. d3 b5 6. Bb3 Be7 7. c3 d6 8. Nbd2
Na5 9. Bc2 c5 10. Nf1 O-O 11. Ng3 g6 12. O-O Nc6 13. a4 Bb7 14. d4 cxd4 15.
cxd4 Re8 16. Re1 Bf8 17. Bb3 Bg7 18. Bg5 Nxd4 19. Nxd4 exd4 20. axb5 axb5 21.
Qd3 Rxa1 22. Rxa1 Qb6 23. Bxf6 Bxf6 24. Qf3 Kg7 25. Qg4 Kf8 26. Qf3 Ke7 27. Ne2
Rf8 28. Nf4 Be5 29. Nd5+ Bxd5 30. Bxd5 Qc7 31. g3 f5 32. Qd3 fxe4 33. Qxe4 Kd7
34. f4 Rf5 35. fxe5 dxe5 36. Kh1 h5 37. Qd3 Qc5 38. Be4 Rf2 39. Bxg6 Qc4 40. b3
Qc5 41. Be4 Ke7 42. Rf1 Rxf1+ 43. Qxf1 Qc3 44. Qd3 Qe1+ 45. Kg2 Kd6 46. Qc2 Qe3
47. Bd3 b4 48. Qe2 Qc1 49. Bc4 Qg5 50. h4 Qg6 51. Qd3 Qh6 52. Qe4 Qd2+ 53. Kh3
Qd1 54. Qd5+ Kc7 55. Qxe5+ Kd8 56. Kh2 Qd2+ 57. Qe2 Qh6 58. Qd1 Qh8 59. Qf3 Ke7
60. Qf7+ Kd6 61. Qd5+ Kc7 62. Qc5+ Kd8 63. Qd6+ 1-0